Estatísticas para 50 cidades mais populosas da Bahia

Clique aqui para jogar o quiz

Estatísticas Gerais

  • Esse quiz foi jogado 379 vezes
  • A pontuação média é 22 de 50

Estatísticas das Respostas

PopulaçãoLetra InicialMunicípio% Correto
2 902 927SSalvador
100%
612 000FFeira de Santana
99%
182 350IIlhéus
92%
340 199VVitória da Conquista
92%
281 413CCamaçari
85%
218 925IItabuna
85%
143 282PPorto Seguro
82%
216 588JJuazeiro
81%
152 208BBarreiras
78%
188 013LLauro de Freitas
77%
161 150JJequié
72%
153 560AAlagoinhas
66%
155 659TTeixeira de Freitas
65%
48 210XXique-Xique
62%
118 323PPaulo Afonso
60%
84 577JJacobina
56%
96 507VValença
52%
112 032EEunápolis
51%
76 420LLuís Eduardo Magalhães
51%
131 630SSimões Filho
50%
72 730IIrecê
47%
100 550SSanto Antônio de Jesus
47%
69 022BBrumado
41%
68 922BBom Jesus da Lapa
38%
82 733SSerrinha
38%
88 308CCandeias
37%
63 761CCruz das Almas
36%
85 237GGuanambi
36%
80 810SSenhor do Bonfim
35%
75 440IItapetinga
31%
61 559SSanto Amaro
28%
52 353CCaetité
27%
66 065IItaberaba
27%
76 624DDias d'Ávila
26%
67 191IItamaraju
26%
48 655PPoções
26%
53 786BBarra
25%
55 380CCatu
24%
68 922CConceição do Coité
23%
55 127JJaguaquara
19%
60 932EEuclides da Cunha
18%
56 131TTucano
17%
62 172IIpirá
15%
49 861MMacaúbas
14%
51 026RRibeira do Pombal
14%
71 900CCampo Formoso
13%
71 504CCasa Nova
13%
56 023AAraci
12%
52 704SSanto Estêvão
11%
54 807MMonte Santo
10%

Distribuição das Pontuações

Percentil de Números Respondidos

Porcentagem de Pessoas com Cada Pontuação

Sua Pontuação Histórica

Você não jogou esse quiz